000 01835nam0a2200373 4500
001 RU\NLR\BIBL_A\022272166
005 20260406105245.0
010 _a978-5-88503-525-5
_91200
035 _a(NLR Aleph) 022272166
090 _a12358044
_c12358044
100 _a20240704d2024 |||y0rusy50 ca
101 0 _arus
102 _aRU
105 _ay z 000yy
181 0 _ai
_bxxxe
182 0 _an
200 1 _aМорковь. Мифы и реальность
_fИ. П. Неумывакин
203 _aТекст
_bвизуальный
_cнепосредственный
210 _aМосква
_aСанкт-Петербург
_cДИЛЯ
_d2024 (печ. 2023)
215 _a119, [1] с.
_d20
300 _aНа 4-й с. обл. авт.: Неумывакин И. П., д-р мед. наук, проф., действ. чл. Рос. и Европ. акад. естеств. наук, Междунар. акад. милосердия, заслуж. изобретатель России, лауреат Гос. премии, обладатель междунар. премии "Профессия - жизнь"
320 _aБиблиогр.: с. 117-118 (13 назв.)
320 _aДругие тр. авт. в конце кн.
333 _a16+
606 1 _aМорковь
_jПопулярные издания
_xКультура
_92385060
_3RU\NLR\AUTH\661422734
606 1 _aМорковь
_jПопулярные издания
_xЛечебное применение
_92155404
_3RU\NLR\AUTH\661297634
686 1 _aП241.52-4я9
686 1 _aР123.813.3я9
686 1 _aР282.111 Морковь.я9
700 1 _8rus
_7ca
_aНеумывакин
_bИ. П.
_f1928-2018
_gИван Павлович
_3RU\NLR\AUTH\77100497
_983423
942 _cBOOK
980 _aNB